| 000 | 00358nam a22001217a 4500 | ||
|---|---|---|---|
| 008 | 180125b xxu||||| |||| 00| 0 eng d | ||
| 041 | _aeng | ||
| 080 | _a54 | ||
| 100 | _a12 | ||
| 101 | _aKIM | ||
| 245 |
_aEssential fatty acid status and characteristics associated with colostrum deprived gnotobiotic and conventional lambs _cBruckner,G.G |
||
| 942 |
_2udc _cBK |
||
| 999 |
_c40919 _d40919 |
||